Представление документа в формате RUSMARC

ПолеНазваниеЗначение
  Тип записи a
  Библиографический уровень c
001 Контрольный номер RU/SLIB/B/208753683
005 Дата корректировки 20201206204143.1
010 Индекс ISBN __
d Цена 100-00
101 Язык документа __
a Язык текста rus
200 Заглавие и сведения об ответственности 1_
a Заглавие Репертуар для детской самодеятельности
e Сведения, относящиеся к заглавию сборник
b Общее обозначение материала Текст
210 Выходные данные __
a Место издания М.
c Издательство Профиздат
d Дата издания 1964
215 Физическое описание __
a Объем 352 с.
c Иллюстрации/тип воспроизводства ил., нот.
606 Тематические рубрики __
a Основная рубрика Художественная самодеятельность
606 Тематические рубрики __
a Основная рубрика Художественная самодеятельность в целом
610 Ключевые слова __
a Ключевые слова репертуар; детская самодеятельность; самодеятельное творчество; самодеятельность
686 Индексы других классификаций __
a Классификационный индекс 85.79
801 Источник записи _0
a Страна RU
b Организация Муниципальное бюджетное учреждение культуры "Централизованная библиотечная система" г. Сургут (Центральная городская библиотека им. А. С. Пушкина)
g Правила каталогизации КиК/Уланова
801 Источник записи _1
a Страна RU
b Организация Муниципальное бюджетное учреждение культуры "Централизованная библиотечная система" г. Сургут (Центральная городская библиотека им. А. С. Пушкина)
g Правила каталогизации КиК/Уланова
852 Данные о местонахождении __
j Шифр хранения 85.79
c Каталожный индекс 85.79
i Авторский знак Р 41
p Инвентарный номер 54295
901 Тип документа __
t Тип документа x
969 Тип издания __
a Тип издания сборник
990 Данные о заказе (DOS) __
j Количество экземпляров (DOS) 1